Sir William Chambers, Knight of the Polar Star /

Bibliographic Details
Main Author: Harris, John, 1931-
Format: Book
Language:English
Published: University Park : Pennsylvania State University Press, [1970]
Series:Studies in architecture ; v. 9.
Subjects:

MARC

Tag First Indicator Second Indicator Subfields
LEADER 00000cam a2200000 4500
001 in00000191920
005 20151009052144.0
008 710301s1970 pauace b 00100beng d
010 |a  70113198  
035 |a (OCoLC)00122033 
035 |9 AAV9348AM 
037 |c $29.50 
040 |a DLC  |c DLC  |d TXA  |d UtOrBLW 
049 |a TXAM  |c [1121494] 
050 0 0 |a NA997.C5  |b H3 1970 
082 0 |a 720/.924 
100 1 |a Harris, John,  |d 1931- 
245 1 0 |a Sir William Chambers, Knight of the Polar Star /  |c With contributions by J. Mordaunt Crook and Eileen Harris. 
264 1 |a University Park :  |b Pennsylvania State University Press,  |c [1970] 
264 4 |c [©1970] 
300 |a xvi, 397 pages :  |b illustrations, plans, portraits ;  |c 31 cm. 
336 |a text  |b txt  |2 rdacontent 
337 |a unmediated  |b n  |2 rdamedia 
338 |a volume  |b nc  |2 rdacarrier 
490 1 |a Studies in architecture ;  |v v. 9 
504 |a Bibliography: pages 257-258. 
600 1 0 |a Chambers, William,  |c Sir,  |d 1723-1796. 
830 0 |a Studies in architecture ;  |v v. 9. 
999 |a MARS 
999 f f |s b69e3a2c-6fd3-3635-87b7-b922e0d282ed  |i 0f0e721a-4cc7-37d9-91a3-b062f3cc93bf  |t 0 
952 f f |p ric  |a Texas A&M University  |b Rellis Campus  |c Joint Library Facility  |d Remote Storage  |t 0  |e NA997.C5 H3 1970  |h Library of Congress classification  |i unmediated -- volume  |m A14803421383 
998 f f |a NA997.C5 H3 1970  |t 0  |l Remote Storage